[Event "III Miedzynarodowy Memorial Ireny Warakomskiej - Open B"]
[Site "Suwalki"]
[Date "2019.08.12"]
[Round "6.12"]
[White "Jankowiak, Piotr "]
[Black "Ryszkiewicz, Adam"]
[Result "1-0"]
[WhiteTitle ""]
[BlackTitle ""]
[WhiteElo "2033"]
[BlackElo "1927"]

1. d4 Nf6 2. Bf4 g6 3. Nc3 d6 4. e4 Bg7 5. Qd2 c6 6. Bh6 Bxh6 7. Qxh6 Nbd7 8. O-O-O
Qa5 9. Qe3 b5 10. e5 dxe5 11. dxe5 Ng4 12. Qd4 Ndxe5 13. h3 b4 14. hxg4 bxc3 15.
f4 Bxg4 16. Nf3 Qxa2 17. Qxc3 Qa1+ 18. Kd2 O-O-O 19. Bd3 Nxf3+ 20. gxf3 Qa4 21.
Ke3 e5 22. b4 exf4+ 23. Kf2 Be6 24. Ra1 Ba2 25. Rxa2 Qxa2 26. Qxc6+ Kb8 27. Be4
Rd2+ 28. Ke1 Rd7 29. Qxd7 Qa6 30. Qxf7 g5 31. Rxh7 Rxh7 32. Qg8+ Kc7 33. Qxh7+
Kc8 34. Qg8+ Kc7 35. Qg7+ Kc8 36. Qxg5 Qa1+ 37. Ke2 Qc1 38. Qc5+ Kb8 39. b5 a6
40. Qb6+ 1-0

[Event "III Miedzynarodowy Memorial Ireny Warakomskiej - Open B"]
[Site "Suwalki"]
[Date "2019.08.12"]
[Round "6.13"]
[White "Karolczuk, Iwo "]
[Black "Grzesik, Norbert "]
[Result "1/2-1/2"]
[WhiteTitle ""]
[BlackTitle ""]
[WhiteElo "1987"]
[BlackElo "2031"]

1. d4 Nf6 2. Nf3 g6 3. c3 Bg7 4. Bf4 d6 5. h3 O-O 6. e3 Nfd7 7. Be2 Nc6 8. O-O
e5 9. Bh2 f5 10. b4 e4 11. Nfd2 Nf6 12. b5 Ne7 13. c4 g5 14. Nc3 Ng6 15. Re1 Qe7
16. Bf1 h5 17. Nd5 Nxd5 18. cxd5 g4 19. Rc1 Bf6 20. Rc3 Qg7 21. hxg4 hxg4 22.
Qc2 Bd8 23. Bxd6 cxd6 24. Rxc8 Rxc8 25. Qxc8 Ba5 26. Qe6+ Kh7 27. Rd1 Rf6 28.
Qc8 Bxd2 29. Rxd2 Nh4 30. Be2 Nf3+ 31. Bxf3 gxf3 32. g3 Rf8 33. Qe6 Qc7 34. Rc2
Qxc2 1/2-1/2

[Event "III Miedzynarodowy Memorial Ireny Warakomskiej - Open B"]
[Site "Suwalki"]
[Date "2019.08.12"]
[Round "6.14"]
[White "Liberadzki, Slawomir "]
[Black "Szydlo, Michal "]
[Result "0-1"]
[WhiteTitle ""]
[BlackTitle ""]
[WhiteElo "2030"]
[BlackElo "1865"]

1. c4 Nf6 2. Nf3 g6 3. Nc3 Bg7 4. g3 O-O 5. Bg2 d6 6. O-O Nc6 7. d3 e5 8. Rb1 a5
9. a3 Re8 10. b4 axb4 11. axb4 e4 12. Nxe4 Nxe4 13. dxe4 Rxe4 14. Nd2 Re8 15.
Bb2 Bxb2 16. Rxb2 Qf6 17. Rb3 Bf5 18. Nf3 Ra2 19. Re3 Rxe3 20. fxe3 Qe6 21. Qb3
Rxe2 22. Nd4 Nxd4 23. exd4 Rxg2+ 24. Kxg2 Bh3+ 25. Kg1 Qe2 26. Qf3 Qxf1+ 27. Qxf1
Bxf1 28. Kxf1 f5 29. Ke2 g5 30. b5 Kf7 31. Ke3 Ke6 32. h4 h6 33. h5 c6 34. b6
c5 35. Kd3 Kd7 36. d5 Ke7 37. Ke2 Kf6 38. Kf3 Ke5 39. Ke3 g4 40. Kf2 Ke4 41. Ke2
f4 42. Kf2 f3 43. Kg1 Kd3 44. Kf2 Kxc4 45. Ke3 Kxd5 46. Kf4 f2 47. Kxg4 f1=Q 48.
Kh4 Ke4 49. Kg4 Qf5+ 50. Kh4 Kf3 51. g4 Qxg4# 0-1

[Event "III Miedzynarodowy Memorial Ireny Warakomskiej - Open B"]
[Site "Suwalki"]
[Date "2019.08.12"]
[Round "6.15"]
[White "Rak, Tomasz"]
[Black "Kasperczyk, Szymon "]
[Result "1-0"]
[WhiteTitle ""]
[BlackTitle ""]
[WhiteElo "2022"]
[BlackElo "1728"]

1. Nf3 Nf6 2. d4 d5 3. Bf4 c5 4. e3 Nc6 5. Nbd2 Bf5 6. c3 e6 7. Ne5 Qb6 8. Qb3
c4 9. Qxb6 axb6 10. Be2 Nd7 11. Nxd7 Kxd7 12. e4 Bg6 13. exd5 exd5 14. Bg4+ f5
15. Bh3 Bd6 16. Bxd6 Kxd6 17. f4 b5 18. O-O Rhe8 19. a3 Re2 20. Rf2 Re7 21. Raf1
Rae8 22. Nf3 Nb8 23. Ne5 Nd7 24. g4 fxg4 25. Bxg4 Nf6 26. f5 Bh5 27. Bh3 Ne4 28.
Rg2 h6 29. Rf4 Ng5 30. Bg4 Bxg4 31. Rfxg4 Nf7 32. Rg6+ Kc7 33. Rxg7 Nxe5 34. dxe5
Kc6 35. Rxe7 Rxe7 36. f6 Rxe5 37. f7 1-0

[Event "III Miedzynarodowy Memorial Ireny Warakomskiej - Open B"]
[Site "Suwalki"]
[Date "2019.08.12"]
[Round "6.16"]
[White "Mazalon, Mariusz "]
[Black "Koseski, Damian"]
[Result "1-0"]
[WhiteTitle ""]
[BlackTitle ""]
[WhiteElo "2012"]
[BlackElo "1846"]

1. d4 Nf6 2. Nf3 g6 3. c4 Bg7 4. Nc3 d6 5. e4 O-O 6. h3 e5 7. d5 Nh5 8. Nh2 Qe8
9. Be2 Nf4 10. Bf3 f5 11. g3 Nxh3 12. Bg2 fxe4 13. Nxe4 Qf7 14. Be3 Bf5 15. Qe2
Qe7 16. Qd2 Nf4 17. Bf3 Bxe4 18. Bxe4 Nd7 19. O-O-O Nh5 20. Bg2 e4 21. Ng4 b5
22. cxb5 a6 23. Qb4 axb5 24. a3 Nc5 25. Bxc5 dxc5 26. d6 Qg5+ 27. Qd2 Qxg4 28.
Qd5+ Kh8 29. dxc7 Qe2 30. Rd2 Qc4+ 31. Qxc4 bxc4 32. Rd7 Nf6 33. Re7 Nd5 34. Rd7
Nxc7 35. Rxc7 Rxf2 36. Bxe4 Bxb2+ 37. Kd1 Rxa3 38. Rhxh7+ Kg8 39. Bd5+ Rf7 40.
Rcxf7 Rd3+ 41. Kc2 Rxd5 42. Kxb2 1-0

[Event "III Miedzynarodowy Memorial Ireny Warakomskiej - Open B"]
[Site "Suwalki"]
[Date "2019.08.12"]
[Round "6.17"]
[White "Kaczmarek, Arkadiusz "]
[Black "Staroszczyk, Mateusz "]
[Result "1-0"]
[WhiteTitle ""]
[BlackTitle ""]
[WhiteElo "1986"]
[BlackElo "1968"]

1. d4 e6 2. c4 b6 3. Nc3 Bb7 4. e3 f5 5. Qc2 Nf6 6. f3 Bb4 7. Bd3 O-O 8. Nge2 Nc6
9. a3 Bxc3+ 10. Qxc3 Nh5 11. O-O Qh4 12. b4 Rae8 13. Qe1 Qe7 14. b5 Nd8 15. Bb2
d6 16. a4 e5 17. d5 Bc8 18. a5 e4 19. fxe4 fxe4 20. Rxf8+ Rxf8 21. Bc2 Bf5 22.
axb6 axb6 23. Ra7 Bg6 24. Bd4 Nf7 25. Ng3 Nxg3 26. Qxg3 Ne5 27. h4 Nxc4 28. h5
Bxh5 29. Bxe4 Ne5 30. Qh3 Bg4 31. Qxh7+ Kf7 32. Bg6+ Nxg6 33. Qxg7+ Ke8 34. Qxg6+
Qf7 35. Ra8+ Ke7 36. Qg5+ 1-0

[Event "III Miedzynarodowy Memorial Ireny Warakomskiej - Open B"]
[Site "Suwalki"]
[Date "2019.08.12"]
[Round "6.18"]
[White "Cwiek, Ryszard "]
[Black "Slabek, Grzegorz "]
[Result "1-0"]
[WhiteTitle ""]
[BlackTitle ""]
[WhiteElo "1800"]
[BlackElo "1982"]

1. e4 g6 2. d4 Bg7 3. Be3 c5 4. c3 cxd4 5. cxd4 Nf6 6. Nc3 d5 7. e5 Ne4 8. Bd3
Nxc3 9. bxc3 Nc6 10. Ne2 O-O 11. O-O b6 12. Qd2 Re8 13. f4 Be6 14. Qe1 f5 15.
h3 Na5 16. g4 Bd7 17. Kh2 Kh8 18. Rg1 Rg8 19. Bf2 Rc8 20. gxf5 gxf5 21. Bh4 Qe8
22. Rg2 Bb5 23. Bxb5 Qxb5 24. Qf2 Qd3 25. Rg3 Qd2 26. Rag1 1-0

[Event "III Miedzynarodowy Memorial Ireny Warakomskiej - Open B"]
[Site "Suwalki"]
[Date "2019.08.12"]
[Round "6.19"]
[White "Wierzbicki, Michal "]
[Black "Kacprzak, Kacper "]
[Result "1-0"]
[WhiteTitle ""]
[BlackTitle ""]
[WhiteElo "1978"]
[BlackElo "1856"]

1. d4 Nf6 2. c4 c5 3. d5 b5 4. Qc2 Na6 5. Bd2 bxc4 6. e4 e6 7. Bxc4 Bb7 8. Qd3
Qb6 9. Ne2 Nb4 10. Bxb4 Qxb4+ 11. Nbc3 exd5 12. exd5 Bd6 13. a3 Qa5 14. h3 O-O
15. O-O Rae8 16. f4 a6 17. Rf3 Qc7 18. Raf1 Re7 19. Ng3 g6 20. Bxa6 c4 21. Bxc4
Qc5+ 22. Kh1 Rc8 23. Ba2 Rce8 24. b4 Qb6 25. Qd2 Re3 26. Rxe3 Rxe3 27. Rf3 Rxf3
28. gxf3 Bb8 29. Nce4 h5 30. Qc3 Ne8 31. Qc5 Qd8 32. d6 h4 33. Ne2 Bxe4 34. fxe4
Nxd6 35. Nc3 Qf6 36. Qe5 Qd8 37. Nd5 Nf5 38. Qf6 Qxf6 39. Nxf6+ Kg7 40. Nxd7 Ng3+
41. Kg2 Bxf4 42. Kf3 Bd6 43. e5 Be7 44. b5 Bxa3 45. b6 Nf5 46. b7 Nd4+ 47. Kg2
Nc6 48. Bd5 Nxe5 49. b8=Q Nxd7 50. Qa7 1-0

[Event "III Miedzynarodowy Memorial Ireny Warakomskiej - Open B"]
[Site "Suwalki"]
[Date "2019.08.12"]
[Round "6.20"]
[White "Pytel, Maciej"]
[Black "Kozlowski, Michal"]
[Result "1/2-1/2"]
[WhiteTitle ""]
[BlackTitle ""]
[WhiteElo "1977"]
[BlackElo "1926"]

1. f4 c5 2. Nf3 Nf6 3. d3 d5 4. g3 g6 5. Bg2 Bg7 6. O-O Nc6 7. c3 O-O 8. Qe1 Re8
9. Ne5 Qd6 10. Nxc6 bxc6 11. e4 e5 12. exd5 cxd5 13. fxe5 Rxe5 14. Bf4 Rxe1 15.
Bxd6 Rxf1+ 16. Bxf1 Bf8 17. Bxf8 Kxf8 18. Nd2 Be6 19. Re1 Ke7 20. Bg2 Kd6 21.
a3 a5 22. c4 Rb8 23. cxd5 Bxd5 24. Bxd5 Kxd5 25. Rf1 Ng4 26. Rxf7 Ne5 27. Re7
Kd4 28. Kf1 Rxb2 29. Ke1 Nxd3+ 30. Kd1 Ne5 31. Kc1 Nd3+ 32. Kd1 Ne5 33. Kc1 Nd3+
34. Kd1 1/2-1/2

[Event "III Miedzynarodowy Memorial Ireny Warakomskiej - Open B"]
[Site "Suwalki"]
[Date "2019.08.12"]
[Round "6.21"]
[White "Litner, Igor "]
[Black "Weintraub, Amit"]
[Result "1-0"]
[WhiteTitle ""]
[BlackTitle ""]
[WhiteElo "1974"]
[BlackElo "1876"]

1. d4 g6 2. Bf4 Bg7 3. e3 c5 4. c3 Nc6 5. Nf3 d6 6. h3 Nf6 7. dxc5 dxc5 8. Qxd8+
Nxd8 9. Bb5+ Bd7 10. Na3 Nc6 11. O-O O-O 12. Rfd1 Rac8 13. Ne5 Nxe5 14. Bxe5 Bxb5
15. Nxb5 a6 16. Na3 b5 17. c4 b4 18. Nc2 Rfd8 19. Ne1 Ne4 20. Bxg7 Kxg7 21. f3
Nd6 22. Rac1 Nb7 23. Kf2 a5 24. Ke2 a4 25. Rxd8 Rxd8 26. Nd3 Kf6 27. a3 b3 28.
Nf2 Nd6 29. Rd1 Rc8 30. Kd3 Nf5 31. Ne4+ Ke6 32. Nc3 Ng3 33. e4 Nh5 34. Ke3 f5
35. exf5+ gxf5 36. Nxa4 f4+ 37. Kf2 Rg8 38. Nxc5+ Kf7 39. Nxb3 Ng3 40. c5 Nf5
41. Rd2 Ne3 42. Kg1 e5 43. Na5 Kf6 44. c6 e4 45. fxe4 f3 46. g4 Ke5 47. Kf2 Kxe4
48. Rd7 Nf5 49. c7 h5 50. Rd8 Rxg4 51. hxg4 hxg4 52. Rg8 Ne3 53. Re8+ Kf4 54.
Rf8+ Ke4 55. c8=Q 1-0

[Event "III Miedzynarodowy Memorial Ireny Warakomskiej - Open B"]
[Site "Suwalki"]
[Date "2019.08.12"]
[Round "6.22"]
[White "Hryharovich, Aliaksei"]
[Black "Kacprzak, Karol"]
[Result "1-0"]
[WhiteTitle ""]
[BlackTitle ""]
[WhiteElo "1659"]
[BlackElo "1973"]

1. e4 c5 2. d4 cxd4 3. c3 dxc3 4. Nxc3 d6 5. Nf3 e6 6. Bc4 a6 7. O-O Nf6 8. Qe2
Be7 9. Rd1 Qc7 10. h3 O-O 11. Bf4 b5 12. Bb3 Bb7 13. Rac1 Qb6 14. Nd4 Nbd7 15.
Bg5 Rac8 16. Nxe6 fxe6 17. Bxe6+ Rf7 18. Bxf6 Nxf6 19. Bxc8 Bxc8 20. e5 dxe5 21.
Nd5 Qe6 22. Nxe7+ Rxe7 23. Rd8+ Kf7 24. Rdxc8 Qxa2 25. R1c7 Qe6 26. Rxe7+ Qxe7
27. Qc2 Qe6 28. Rc7+ Kg8 29. Rc6 Qd5 30. Rxa6 e4 31. Ra7 h6 32. Qc7 Nh5 33. Qe7
Qf5 34. g4 Qg6 35. Ra8+ Kh7 36. Qf8 Qg5 37. Qg8+ Kg6 38. Qe8+ Kh7 39. Qxh5 Qc1+
40. Kg2 1-0

[Event "III Miedzynarodowy Memorial Ireny Warakomskiej - Open B"]
[Site "Suwalki"]
[Date "2019.08.12"]
[Round "6.23"]
[White "Skawinski, Szymon"]
[Black "Rosol, Alexander "]
[Result "0-1"]
[WhiteTitle ""]
[BlackTitle ""]
[WhiteElo "1676"]
[BlackElo "1968"]

1. e4 d6 2. d4 Nf6 3. Nc3 Nbd7 4. Nf3 e5 5. Bc4 Be7 6. O-O O-O 7. Re1 c6 8. a4
a5 9. h3 h6 10. Ba2 Re8 11. Be3 exd4 12. Bxd4 Nf8 13. Qd2 Be6 14. Bxe6 Nxe6 15.
Be3 Bf8 16. Rad1 Qc7 17. Nh4 Rad8 18. Qc1 d5 19. exd5 cxd5 20. Nf5 Qc4 21. Nd4
Bb4 22. Nxe6 fxe6 23. Rd4 Qc6 24. Rh4 e5 25. Bd2 d4 26. Ne4 Nxe4 27. Rhxe4 Rd5
28. c3 Rc5 29. Qa1 dxc3 30. bxc3 Bxc3 31. Bxc3 Rxc3 32. Qa2+ Kh7 33. Qf7 Rc5 34.
Rg4 Rg8 35. Qf5+ g6 36. Qf7+ Rg7 37. Qb3 b5 38. axb5 Rxb5 39. Qa2 Qb6 40. Ra4
Rb2 41. Qxb2 Qxb2 42. Rxa5 Re7 43. Ra4 e4 44. Rf1 h5 45. Kh2 e3 46. fxe3 Rxe3
47. Ra7+ Kh6 48. Raf7 Qe5+ 49. Kh1 Qe4 50. R7f4 Rxh3+ 51. Kg1 Qe3+ 52. R4f2 Rh4
53. Rd1 Rf4 54. Rdf1 h4 0-1

[Event "III Miedzynarodowy Memorial Ireny Warakomskiej - Open B"]
[Site "Suwalki"]
[Date "2019.08.12"]
[Round "6.24"]
[White "Skurniak, Szymon "]
[Black "Laskowski, Filip "]
[Result "1/2-1/2"]
[WhiteTitle ""]
[BlackTitle ""]
[WhiteElo "1962"]
[BlackElo "1842"]

1. e4 e6 2. d4 d5 3. Nc3 Bb4 4. e5 c5 5. a3 Bxc3+ 6. bxc3 Qc7 7. Bd2 Ne7 8. Qg4
cxd4 9. cxd4 Qxc2 10. Qxg7 Rg8 11. Qh6 Nbc6 12. Nf3 Bd7 13. Rc1 Qg6 14. Qxg6 Rxg6
15. Bd3 Rxg2 16. Bxh7 Nf5 17. Bxf5 exf5 18. h4 f4 19. Bxf4 Bg4 20. Ng5 Bf5 21.
Bg3 Bd3 22. Kd2 Bc4 23. Ke3 Ke7 24. Rxc4 dxc4 25. d5 Rxg3+ 26. fxg3 Nxe5 27. Kd4
f6 28. Ne4 Rg8 29. h5 Rg4 30. h6 Nf7 31. Ke3 f5 32. Nf2 Rxg3+ 33. Kf4 Rg6 34.
h7 Rd6 35. h8=Q Nxh8 36. Rxh8 Rxd5 37. Rc8 b5 38. Nh3 Kd7 39. Rg8 Rd3 40. Ng5
c3 41. Nf7 Ke7 42. Ne5 Rd4+ 43. Kxf5 c2 44. Nc6+ Kf7 45. Nxd4 c1=Q 46. Rg3 Qh1
47. Rf3 Ke7 48. Ke5 Qc1 49. Nf5+ Kd7 50. Rd3+ Kc7 51. Ne3 Qb2+ 52. Ke4 Qh8 53.
Rc3+ Kb7 54. Nd5 Qh1+ 55. Kd4 Qg1+ 56. Ke4 a5 57. Rc7+ Kb8 58. Rc3 Qd1 59. Ke5
Qb1 60. Kd4 Qg1+ 1/2-1/2

[Event "III Miedzynarodowy Memorial Ireny Warakomskiej - Open B"]
[Site "Suwalki"]
[Date "2019.08.12"]
[Round "6.25"]
[White "Jasinowicz, Waclaw "]
[Black "Koloczek, Maciej "]
[Result "0-1"]
[WhiteTitle ""]
[BlackTitle ""]
[WhiteElo "1523"]
[BlackElo "1958"]

1. e4 c5 2. Nf3 g6 3. d4 cxd4 4. Nxd4 Nc6 5. Be3 Nf6 6. Nc3 Bg7 7. Be2 O-O 8. O-O
d5 9. exd5 Nb4 10. Bg5 Nbxd5 11. Nxd5 Qxd5 12. Nf3 Qa5 13. Bc4 Bg4 14. h3 Bxf3
0-1

[Event "III Miedzynarodowy Memorial Ireny Warakomskiej - Open B"]
[Site "Suwalki"]
[Date "2019.08.12"]
[Round "6.26"]
[White "Kulesza, Andrzej "]
[Black "Kaminski, Maciej "]
[Result "1-0"]
[WhiteTitle ""]
[BlackTitle ""]
[WhiteElo "1940"]
[BlackElo "1818"]

1. e4 c5 2. Nf3 Nc6 3. d4 cxd4 4. Nxd4 g6 5. Be3 Bg7 6. Nc3 Nf6 7. Bc4 O-O 8. O-O
Nxe4 9. Bxf7+ Rxf7 10. Nxe4 Nxd4 11. Bxd4 Bxd4 12. Qxd4 Qb6 13. Qxb6 axb6 14.
c4 d6 15. Rfe1 h6 16. Nc3 Kf8 17. b3 Bd7 18. a4 Bc6 19. f3 g5 20. Re6 Rf6 21.
Rxf6+ exf6 22. Rd1 Ke7 23. Kf2 h5 24. Nd5+ Bxd5 25. Rxd5 Kd7 26. Rb5 Kc6 27. Rf5
Rf8 28. h4 gxh4 29. Rxh5 f5 30. Rxh4 Kc5 31. Rh7 Rb8 32. Rf7 f4 33. Kf1 Rh8 34.
Rxb7 Rh1+ 35. Kf2 Rb1 36. Rc7+ Kd4 37. Rc6 Rb2+ 38. Kg1 d5 39. cxd5 Rxb3 40. d6
Ke3 41. d7 Rb1+ 42. Kh2 Rd1 43. Re6+ Kf2 44. Rxb6 Rxd7 45. Rb2+ Kf1 46. Kh3 Rg7
47. Rb4 Rg3+ 48. Kh4 Rxg2 49. Rxf4 Kf2 50. a5 Ke3 51. Rf6 Rh2+ 52. Kg5 Rg2+ 53.
Kh6 Rh2+ 54. Kg7 Rg2+ 55. Kf7 Ra2 56. a6 Kd4 57. f4 Ke4 58. Ke7 Rh2 59. Kd7 Kd5
60. Kc7 Rc2+ 61. Kb7 Rb2+ 62. Rb6 Rh2 63. a7 Rh7+ 64. Ka6 Rh8 65. Rb8 Rh6+ 66.
Kb5 1-0

[Event "III Miedzynarodowy Memorial Ireny Warakomskiej - Open B"]
[Site "Suwalki"]
[Date "2019.08.12"]
[Round "6.27"]
[White "Goraj, Barbara "]
[Black "Musial, Tomasz "]
[Result "0-1"]
[WhiteTitle ""]
[BlackTitle ""]
[WhiteElo "1800"]
[BlackElo "1935"]

1. e4 e6 2. d4 d5 3. e5 c5 4. c3 Nc6 5. Nf3 Bd7 6. Be2 Nge7 7. O-O cxd4 8. cxd4
Nf5 9. Nc3 h5 10. Bg5 Be7 11. Bxe7 Qxe7 12. Nb5 Kf8 13. Bd3 Nb4 14. Nc7 Rc8 15.
Bxf5 Rxc7 16. a3 Bb5 17. Re1 Nc6 18. Bd3 Bxd3 19. Qxd3 g5 20. Rac1 g4 21. Nd2
Kg7 22. Rc3 Rhc8 23. Rec1 Nd8 24. h3 Rxc3 25. Rxc3 Rxc3 26. Qxc3 Qg5 27. Nf1 Nc6
28. Qe3 Qxe3 29. fxe3 gxh3 30. gxh3 f6 31. exf6+ Kxf6 32. Nd2 e5 33. dxe5+ Nxe5
34. b3 a5 35. Kf2 b5 36. Ke2 Kg5 37. Nf3+ Nxf3 38. Kxf3 Kf5 39. h4 Ke5 40. Kf2
Ke4 41. a4 b4 42. Ke2 d4 43. exd4 Kxd4 44. Kd2 Ke4 45. Ke2 Kf4 46. Kd3 Kg4 0-1

[Event "III Miedzynarodowy Memorial Ireny Warakomskiej - Open B"]
[Site "Suwalki"]
[Date "2019.08.12"]
[Round "6.28"]
[White "Tarkowski, Michal"]
[Black "Jagura, Norbert "]
[Result "1/2-1/2"]
[WhiteTitle ""]
[BlackTitle ""]
[WhiteElo "1934"]
[BlackElo "1786"]

1. d4 Nf6 2. g4 d5 3. g5 Nfd7 4. Nc3 e6 5. Bf4 c5 6. e3 a6 7. Bg2 Qa5 8. h4 Nc6
9. Nge2 cxd4 10. exd4 Bb4 11. Qd3 b5 12. h5 Ne7 13. Kf1 Bb7 14. Nd1 Qb6 15. Ne3
Bd6 16. Ng4 Nf5 17. Ne3 Ne7 18. Ng4 Nf5 19. Ne3 Ne7 1/2-1/2

[Event "III Miedzynarodowy Memorial Ireny Warakomskiej - Open B"]
[Site "Suwalki"]
[Date "2019.08.12"]
[Round "6.29"]
[White "Paprocki, Antoni "]
[Black "Sapeta, Robert "]
[Result "1/2-1/2"]
[WhiteTitle ""]
[BlackTitle ""]
[WhiteElo "1752"]
[BlackElo "1896"]

1. e4 g6 2. d4 Bg7 3. Nc3 d6 4. h3 Nf6 5. f4 O-O 6. Bd3 e5 7. dxe5 dxe5 8. Qf3
Nc6 9. Nge2 exf4 10. Bxf4 Nh5 11. Bh2 Ne5 12. Bxe5 Bxe5 13. O-O c6 14. Bc4 Qe7
15. Bb3 Be6 16. Rad1 Rad8 17. Kh1 b5 18. g4 Ng7 19. Nf4 Bxb3 20. axb3 Ne6 21.
Nxe6 Qxe6 22. Kg2 Rfe8 23. Rde1 Rd2+ 24. Rf2 Rd7 25. h4 Qe7 26. h5 gxh5 27. gxh5
Kh8 28. Kf1 Qh4 29. Rg2 Re6 30. Rg4 Rf6 31. Rxh4 Rxf3+ 32. Ke2 Bxc3 33. bxc3 Rxc3
34. Rc1 Rg3 35. Kf2 Rc3 36. Ke2 Rc5 37. Ke3 Kg7 38. Rh2 Kh6 39. Rf1 Rc3+ 40. Kf4
Rc5 41. Ke3 Rc3+ 42. Kf4 Rd6 43. Ke5 Rd7 44. Kf4 1/2-1/2

[Event "III Miedzynarodowy Memorial Ireny Warakomskiej - Open B"]
[Site "Suwalki"]
[Date "2019.08.12"]
[Round "6.30"]
[White "Milanowski, Jan"]
[Black "Baranska, Monika "]
[Result "0-1"]
[WhiteTitle ""]
[BlackTitle ""]
[WhiteElo "1857"]
[BlackElo "1784"]

1. d4 d5 2. Bf4 Nf6 3. Nf3 Bf5 4. e3 e6 5. Nbd2 Bd6 6. Ne5 O-O 7. Be2 c5 8. c3
Nc6 9. Nd3 Bxd3 10. Bxd3 Bxf4 11. exf4 cxd4 12. O-O dxc3 13. bxc3 Qc7 14. g3 e5
15. fxe5 Nxe5 16. Qc2 Nxd3 17. Qxd3 Rac8 18. Rfc1 Qe5 19. Rab1 b6 20. Qd4 Qxd4
21. cxd4 Ne4 22. Nf1 Nc3 23. Rxc3 Rxc3 24. Ne3 Ra3 25. Rb2 Ra4 26. Rd2 Rd8 27.
Kg2 f6 28. Kf3 Kf7 29. Kf4 Rd7 30. h4 Re7 31. Nxd5 Rd7 32. Ke4 f5+ 33. Ke5 Ra5
0-1

[Event "III Miedzynarodowy Memorial Ireny Warakomskiej - Open B"]
[Site "Suwalki"]
[Date "2019.08.12"]
[Round "6.31"]
[White "Kaliszuk, Kamil"]
[Black "Bancarewicz, Aleks "]
[Result "1-0"]
[WhiteTitle ""]
[BlackTitle ""]
[WhiteElo "1853"]
[BlackElo "1773"]

1. e4 c5 2. Nf3 d6 3. d4 cxd4 4. Nxd4 Nf6 5. Nc3 a6 6. Be3 e5 7. Nb3 Be6 8. h3
Nc6 9. Qf3 Rc8 10. O-O-O h5 11. Be2 Nb4 12. Kb1 Qc7 13. a3 Nc6 14. Nd5 Bxd5 15.
exd5 Ne7 16. c4 Ng6 17. g3 Be7 18. Ka2 b6 19. Qg2 Nd7 20. f4 Bf6 21. f5 Ngf8 22.
g4 Nc5 23. g5 Bd8 24. Nd2 Nfd7 25. Rc1 Qb7 26. b4 Na4 27. Ne4 b5 28. Nxd6+ Kf8
29. Nxb7 1-0

[Event "III Miedzynarodowy Memorial Ireny Warakomskiej - Open B"]
[Site "Suwalki"]
[Date "2019.08.12"]
[Round "6.32"]
[White "Koziol, Pawel"]
[Black "Bebnik, Malgorzata "]
[Result "1/2-1/2"]
[WhiteTitle ""]
[BlackTitle ""]
[WhiteElo "1852"]
[BlackElo "1737"]

1. Nf3 d5 2. g3 Nf6 3. Bg2 e6 4. O-O c5 5. d3 Nc6 6. Nbd2 Bd6 7. Re1 O-O 8. e4
Bc7 9. Qe2 d4 10. a4 e5 11. Nh4 Ne7 12. Nc4 h6 13. f4 exf4 14. gxf4 Ng6 15. Nxg6
fxg6 16. Rf1 Be6 17. b3 Qd7 18. Bd2 Bg4 19. Qf2 Nh5 20. e5 Nxf4 21. Bxf4 g5 22.
Qg3 gxf4 23. Rxf4 Rxf4 24. Qxf4 Rf8 25. Qe4 b6 26. Re1 Be6 27. Qb7 Bh3 28. Qd5+
Qe6 29. Re2 Kh8 30. Rf2 Rxf2 31. Kxf2 Qf5+ 32. Qf3 Qxf3+ 33. Bxf3 Be6 34. Bc6
Bxc4 35. bxc4 Bxe5 36. h3 Kh7 37. Kf3 g6 1/2-1/2

[Event "III Miedzynarodowy Memorial Ireny Warakomskiej - Open B"]
[Site "Suwalki"]
[Date "2019.08.12"]
[Round "6.33"]
[White "Kuleba, Ivan "]
[Black "Gardian, Adam"]
[Result "1/2-1/2"]
[WhiteTitle ""]
[BlackTitle ""]
[WhiteElo "1609"]
[BlackElo "1842"]

1. c4 e5 2. Nc3 Nc6 3. Nf3 f5 4. d4 e4 5. Ng1 Nf6 6. Bg5 Be7 7. e3 O-O 8. Nh3 d6
9. Nf4 h6 10. Bxf6 Bxf6 11. Ng6 Re8 12. h4 Ne7 13. h5 Nxg6 14. hxg6 c5 15. Nd5
Be6 16. Nxf6+ Qxf6 17. Be2 Qxg6 18. Kf1 Qf6 19. d5 Bd7 20. Qb3 b6 21. g3 Rf8 22.
Kg2 g5 23. Rag1 Kf7 24. Kf1 Ke7 25. Ke1 Kd8 26. Kd2 Kc7 27. Rh2 f4 28. gxf4 gxf4
29. Rgh1 Rh8 30. Rh4 fxe3+ 31. fxe3 Rae8 32. Qc3 Re5 33. Rxe4 Rhe8 34. Rxe5 Rxe5
35. Rh5 Bf5 36. Bd3 Bg4 37. Rh2 Qg5 38. Be2 Bxe2 39. Rxe2 h5 40. Qd3 Re7 41. Kc2
Qe5 42. Qa3 Kb8 43. Qc3 Qe4+ 44. Kd2 h4 45. Rh2 Re5 46. Qd3 Qg4 47. Qe2 Qg5 48.
Qf3 Rf5 49. Qe4 Re5 50. Qxh4 Qxe3+ 1/2-1/2

[Event "III Miedzynarodowy Memorial Ireny Warakomskiej - Open B"]
[Site "Suwalki"]
[Date "2019.08.12"]
[Round "6.34"]
[White "Czernecki, Andrzej "]
[Black "Dziewonski, Dariusz"]
[Result "1/2-1/2"]
[WhiteTitle ""]
[BlackTitle ""]
[WhiteElo "1580"]
[BlackElo "1838"]

1. e4 c5 2. Nf3 Nc6 3. d4 cxd4 4. Nxd4 Qb6 5. Nb3 Nf6 6. Nc3 e6 7. Be3 Qc7 8. Be2
a6 9. O-O Be7 10. f4 d6 11. Bf3 b5 12. e5 dxe5 13. fxe5 Nd7 14. Bxc6 Qxc6 15.
Nd4 Qc7 16. Qf3 O-O 17. Nxe6 fxe6 18. Qxa8 Bb7 19. Rxf8+ Bxf8 20. Qe8 Qc6 21.
Kf1 Qxg2+ 22. Ke1 Qh1+ 23. Kd2 Qg2+ 24. Kc1 Qh1+ 25. Kd2 Qg2+ 26. Kc1 Qh1+ 1/2-1/2

[Event "III Miedzynarodowy Memorial Ireny Warakomskiej - Open B"]
[Site "Suwalki"]
[Date "2019.08.12"]
[Round "6.35"]
[White "Bojczewski, Mateusz"]
[Black "Kutowski, Marcel "]
[Result "1-0"]
[WhiteTitle ""]
[BlackTitle ""]
[WhiteElo "1836"]
[BlackElo "1773"]

1. e4 c6 2. d4 d5 3. e5 c5 4. c4 e6 5. Nf3 cxd4 6. Qxd4 Nc6 7. Qd1 Bb4+ 8. Bd2
dxc4 9. Bxc4 a6 10. Qa4 Qa5 11. Qxa5 Bxa5 12. Nc3 b5 13. Bd3 Bb7 14. Ne4 Bxd2+
15. Kxd2 Nd8 16. Nd6+ Ke7 17. Nxb7 Nxb7 18. Rac1 Rd8 19. Rc6 Nh6 20. Rhc1 Rd7
21. Ke2 Rhd8 22. Be4 f5 23. exf6+ gxf6 24. Rxa6 Nd6 25. Bxh7 Nc4 26. b3 Nd2 27.
Rcc6 Nxf3 28. Rxe6+ Kf8 29. Rxf6+ Rf7 30. gxf3 Rxf6 31. Rxf6+ Kg7 32. Rb6 Kxh7
33. Rxb5 Kg6 34. a4 Nf5 35. Rb6+ Kg5 36. a5 Kf4 37. Rb4+ Ke5 38. f4+ Kd5 39. Kf3
Rg8 40. Rb5+ Ke6 41. Re5+ Kf6 42. b4 Rb8 43. Re4 Nd6 44. Rd4 Nf5 45. Rc4 Nd6 46.
Rc6 Ke6 47. Rb6 Rxb6 48. axb6 Kf5 49. h4 Nb7 50. h5 Nd6 51. Ke2 Ke6 52. h6 Kf6
53. f5 Nxf5 54. f4 Nd4+ 55. Kd3 Nc6 56. b5 Nb8 57. Kc4 1-0

[Event "III Miedzynarodowy Memorial Ireny Warakomskiej - Open B"]
[Site "Suwalki"]
[Date "2019.08.12"]
[Round "6.36"]
[White "Kupsik, Joanna "]
[Black "Jeda, Maciej "]
[Result "0-1"]
[WhiteTitle ""]
[BlackTitle ""]
[WhiteElo "1708"]
[BlackElo "1815"]

1. g3 Nf6 2. Bg2 g6 3. e4 e5 4. Ne2 Bg7 5. O-O O-O 6. Nbc3 Nc6 7. d3 d6 8. h3 Ne8
9. f4 f5 10. exf5 Bxf5 11. fxe5 Bxe5 12. Bd5+ Kh8 13. g4 Nf6 14. Bg5 h6 15. Bxc6
bxc6 16. Bxh6 Nxg4 17. hxg4 Qh4 18. Rf2 Qxh6 19. d4 Bxg4 20. Rxf8+ Rxf8 21. dxe5
Qe3+ 22. Kh1 Bf3+ 23. Kh2 Qf2+ 0-1

[Event "III Miedzynarodowy Memorial Ireny Warakomskiej - Open B"]
[Site "Suwalki"]
[Date "2019.08.12"]
[Round "6.37"]
[White "Olszewski, Jan "]
[Black "Wiewiora, Michalina"]
[Result "1/2-1/2"]
[WhiteTitle ""]
[BlackTitle ""]
[WhiteElo "1405"]
[BlackElo "1812"]

1. e4 c6 2. d4 d5 3. exd5 cxd5 4. Bd3 Nc6 5. c3 Nf6 6. Bf4 Bg4 7. Qb3 Qd7 8. Nd2
e6 9. Ngf3 Bxf3 10. Nxf3 Be7 11. Ne5 Qc8 12. O-O O-O 13. Rac1 Bd6 14. Bb1 Nh5
15. Qc2 f5 16. Nxc6 Nxf4 17. Ne5 Bxe5 18. dxe5 Ng6 19. f4 Qc5+ 20. Kh1 Rad8 21.
Qb3 Rf7 22. a3 Rc7 23. Rcd1 Ne7 24. Rd3 g6 25. Ba2 Rdc8 26. Qd1 Qb6 27. Qd2 Qa5
28. Rd1 Kg7 1/2-1/2

[Event "III Miedzynarodowy Memorial Ireny Warakomskiej - Open B"]
[Site "Suwalki"]
[Date "2019.08.12"]
[Round "6.38"]
[White "Szczygiel, Jakub "]
[Black "Mazurek, Jerzy "]
[Result "1/2-1/2"]
[WhiteTitle ""]
[BlackTitle ""]
[WhiteElo "1809"]
[BlackElo "1653"]

1. d4 d5 2. c4 c6 3. Nc3 Nf6 4. cxd5 cxd5 5. Nf3 Nc6 6. e3 e6 7. Be2 Bd6 8. O-O
O-O 9. a3 Bd7 10. b4 Rc8 11. Bb2 Ne7 12. Rc1 Ng6 13. Qd3 Ng4 14. h3 Nh6 15. Nb5
Bxb5 16. Qxb5 Qb6 17. Qxb6 axb6 18. Bd3 f6 19. Bb5 Rxc1 20. Rxc1 Rd8 21. Nd2 Nf7
22. g3 Ne7 23. e4 Bb8 24. exd5 Nd6 25. Be2 exd5 26. Bf3 b5 27. Re1 Kf7 28. Ra1
1/2-1/2